| 000 -ლიდერი |
| ფიქსირებული სიგრძის საკონტროლო ველი |
01095nam a2200253Ia 4500 |
| 001 - საკონტროლო ნომერი |
| საკონტროლო ველი |
2313 |
| 003 - საკონტროლო ნომრის იდენტიფიკატორი |
| საკონტროლო ველი |
GE_BSU |
| 005 - ბოლო ოპერაციის თარიღი და დრო |
| საკონტროლო ველი |
20190529194804.0 |
| 008 - ფიქსირებული სიგრძის მონაცემთა ელემენტები - ზოგადი ინფორმაცია |
| ფიქსირებული სიგრძის საკონტროლო ველი |
181216s2009||||ge |||||||||||||| ||geo|| |
| 020 ## - წიგნის საერთაშორისო სტანდარტული ნომერი |
| International Standard Book Number |
9789941409226 |
| 040 ## - კატალოგიზაციის წყარო |
| Transcribing agency |
GE_BSU |
| 041 ## - ენის კოდი |
| Language code of text/sound track or separate title |
geo |
| 080 ## - უნივერსალური ათობითი კლასიფიკაციის ინდექსი |
| Universal Decimal Classification number |
638.1(035) ჭ-28 |
| 100 ## - მთავარი ჩანაწერი - პიროვნების სახელი |
| Personal name |
ჭაღალიძე, ა. |
| 9 (RLIN) |
1812 |
| 245 ## - ცნობა სათაურის შესახებ |
| Remainder of title |
სახელმძღვ. ცნობარი ფერმერთათვის / |
| Title |
მეფუტკრეობა : |
| Statement of responsibility, etc |
ავტ.: ა. ჭაღალიძე, ზ. მახარაძე ; რედ. ი. ძირკვაძე |
| 264 ## - წარმოების, გამოცემის, დისტრიბუციის და სხვა ცნობები |
| გამოცემის, წარმოების, დისტრიბუციის... ადგილი |
ბათუმი : |
| გამოცემის, წარმოების, დისტრიბუციის... სახელწოდება |
შოთა რუსთაველის სახელმწ. უნ-ტის გამ-ბა, |
| გამოცემის, წარმოების, დისტრიბუციის... თარიღი |
2009. |
| 300 ## - ფიზიკური აღწერა |
| Extent |
34 გვ.: |
| Other physical details |
ცხრ. ; |
| Dimensions |
20 სმ. |
| 653 ## - INDEX TERM--UNCONTROLLED |
| Uncontrolled term |
მეფუტკრეობა |
| 653 ## - INDEX TERM--UNCONTROLLED |
| Uncontrolled term |
ცნობარები |
| 700 ## - ADDED ENTRY--PERSONAL NAME |
| Personal name |
მახარაძე, ზ. |
| Relator term |
ავტორი |
| 9 (RLIN) |
1800 |
| 700 ## - ADDED ENTRY--PERSONAL NAME |
| Personal name |
ძირკვაძე, ი. |
| Relator term |
რედაქტორი |
| 9 (RLIN) |
1806 |
| 942 ## - ADDED ENTRY ELEMENTS (KOHA) |
| Koha item type |
წიგნი |
| Source of classification or shelving scheme |
|